000 00934nam0a22002411 4500
001 rc\2692615
005 20260407030643.0
035 _a(NLR Aleph) 006820852
090 _a6441906
_c6441906
100 _a20110915d1933 |||y0rusy50 ca
101 0 _arus
102 _aRU
105 _aa b |||||
200 1 _aРуководство по уходу за навозоразбрасывателем Агроном марки М
_eКаталог запасных частей
_fНКТП СССР...
210 _aМосква
_aЛенинград
_cГосмашметиздат
_d1933
_e[Москва]
_g8 тип. Мособлполиграф
215 _aОбл., 27 с.
_cил.
_d20х13 см.
710 0 2 _a"Союзсельмаш", всесоюзное об-ние
_9522913
_3RU\NLR\AUTH\8810012543
801 0 _aRU
_bNLR
_gpsbo
801 1 _aRU
_bELAR
_2rusmarc
852 _aNLR
_j33-10/3668
942 _cBOOK
980 _aNB